[Event "Tradewise Gibraltar Masters 14th"]
[Site "Gibraltar"]
[Date "2016.01.28"]
[Round "3.17"]
[White "Khotenashvili, Bela"]
[Black "Gupta, Abhijeet"]
[Result "1/2-1/2"]
[WhiteElo "2502"]
[BlackElo "2613"]
[PlyCount "93"]
[EventDate "2016.01.26"]
[EventType "swiss"]
[EventRounds "10"]
[EventCountry "GGB"]
[Source "www.saund.co.uk"]
[SourceDate "2005.02.07"]

1. d4 Nf6 2. Nf3 g6 3. Bg5 Bg7 4. Nbd2 O-O 5. c3 d5 6. e3 Nbd7 7. Be2 Re8 8.
O-O e5 9. h3 c6 10. a4 a5 11. dxe5 Nxe5 12. Nxe5 Rxe5 13. Nf3 Re8 14. Qb3 h6
15. Bf4 Ne4 16. Rfd1 Nc5 17. Qa3 Qb6 18. Nd4 Ne4 19. c4 g5 20. Bh2 Be6 21. Rac1
Qb4 22. f3 Nf6 23. Bd6 Qxa3 24. Bxa3 dxc4 25. e4 Rad8 26. Nxe6 fxe6 27. Bxc4
Kf7 28. Bc5 Nd7 29. Be3 Bxb2 30. Rb1 Ne5 31. Rxd8 Rxd8 32. Be2 Bd4 33. Rxb7+
Kf6 34. Kf2 h5 35. g3 Ng6 36. Rc7 c5 37. Ra7 h4 38. gxh4 gxh4 39. Rxa5 Nf4 40.
Bf1 Rb8 41. Rb5 Rxb5 42. Bxb5 Ke5 43. a5 Kd6 44. e5+ Kc7 45. Bf1 Kc6 46. Bc4
Bxe5 47. Bxf4 1/2-1/2

[Event "Tradewise Gibraltar Masters 14th"]
[Site "Gibraltar"]
[Date "2016.01.28"]
[Round "3.18"]
[White "Lenic, Luka"]
[Black "Blomqvist, Erik"]
[Result "1-0"]
[WhiteElo "2611"]
[BlackElo "2492"]
[PlyCount "71"]
[EventDate "2016.01.26"]
[EventType "swiss"]
[EventRounds "10"]
[EventCountry "GGB"]
[Source "www.saund.co.uk"]
[SourceDate "2005.02.07"]

1. d4 d5 2. c4 dxc4 3. e3 e5 4. Bxc4 exd4 5. exd4 Bd6 6. Nf3 Nf6 7. Qe2+ Qe7 8.
Qxe7+ Bxe7 9. O-O Nbd7 10. Nc3 Nb6 11. Bb3 Bg4 12. Ng5 O-O 13. Re1 Bb4 14. a3
Bxc3 15. bxc3 h6 16. h3 Bd7 17. Nf3 Rfe8 18. c4 Rxe1+ 19. Nxe1 c6 20. Be3 Be6
21. Rc1 Nc8 22. Nd3 b5 23. d5 bxc4 24. dxe6 cxb3 25. exf7+ Kxf7 26. Ne5+ Ke8
27. Rb1 Ne7 28. Rxb3 Nfd5 29. Bc5 g5 30. g3 a5 31. Rb7 a4 32. Kg2 Kd8 33. Kf3
Ra5 34. Bxe7+ Nxe7 35. Rd7+ Ke8 36. Rxe7+ 1-0

[Event "Tradewise Gibraltar Masters 14th"]
[Site "Gibraltar"]
[Date "2016.01.28"]
[Round "3.19"]
[White "Aravindh, Chithambaram Vr"]
[Black "Sandipan, Chanda"]
[Result "1-0"]
[WhiteElo "2500"]
[BlackElo "2583"]
[PlyCount "75"]
[EventDate "2016.01.26"]
[EventType "swiss"]
[EventRounds "10"]
[EventCountry "GGB"]
[Source "www.saund.co.uk"]
[SourceDate "2005.02.07"]

1. e4 c5 2. Nf3 d6 3. d4 cxd4 4. Nxd4 Nf6 5. Nc3 a6 6. Be2 e6 7. O-O Be7 8. f4
O-O 9. a4 Nc6 10. Be3 Qc7 11. Kh1 Bd7 12. Nb3 b6 13. Bf3 Rae8 14. g4 Bc8 15. g5
Nd7 16. Bg2 f6 17. h4 fxg5 18. hxg5 g6 19. Qe2 Rf7 20. Qc4 Bf8 21. Nd4 Ndb8 22.
f5 gxf5 23. exf5 d5 24. fxe6 dxc4 25. exf7+ Qxf7 26. Rxf7 Kxf7 27. Rf1+ Kg7 28.
Nxc6 Nxc6 29. Bxb6 Nb4 30. Bd4+ Kg6 31. Be4+ Kxg5 32. Kg2 Be7 33. Be3+ Kh4 34.
Rh1+ Kg4 35. Nd1 Bh4 36. Bf3+ Kf5 37. Rxh4 Nxc2 38. Kf2 1-0

[Event "Tradewise Gibraltar Masters 14th"]
[Site "Gibraltar"]
[Date "2016.01.28"]
[Round "3.20"]
[White "Anurag, Mhamal"]
[Black "Vazquez Igarza, Renier"]
[Result "1/2-1/2"]
[WhiteElo "2387"]
[BlackElo "2572"]
[PlyCount "63"]
[EventDate "2016.01.26"]
[EventType "swiss"]
[EventRounds "10"]
[EventCountry "GGB"]
[Source "www.saund.co.uk"]
[SourceDate "2005.02.07"]

1. Nf3 Nf6 2. b3 g6 3. Bb2 Bg7 4. g3 d6 5. d4 c5 6. Bg2 cxd4 7. Nxd4 h5 8. h3
d5 9. c4 e5 10. Nc2 d4 11. e3 d3 12. Nb4 e4 13. Nd2 O-O 14. Bxf6 Bxf6 15. Nxe4
Bxa1 16. Qxa1 f5 17. Nd2 Nd7 18. Nd5 a5 19. g4 Nf6 20. gxh5 Nxh5 21. Bf3 Ng7
22. Qe5 Ra6 23. Rg1 Re8 24. Qf4 Qd6 25. Qh6 Qe5 26. Nf4 Ree6 27. Nxg6 Qa1+ 28.
Bd1 Kf7 29. Nh8+ Kg8 30. Ng6 Kf7 31. Nh8+ Kg8 32. Ng6 1/2-1/2

[Event "Tradewise Gibraltar Masters 14th"]
[Site "Gibraltar"]
[Date "2016.01.28"]
[Round "3.21"]
[White "Donchenko, Alexander"]
[Black "Pogonina, Natalija"]
[Result "1/2-1/2"]
[WhiteElo "2570"]
[BlackElo "2454"]
[PlyCount "77"]
[EventDate "2016.01.26"]
[EventType "swiss"]
[EventRounds "10"]
[EventCountry "GGB"]
[Source "www.saund.co.uk"]
[SourceDate "2005.02.07"]

1. d4 Nf6 2. c4 e6 3. g3 d5 4. Bg2 dxc4 5. Nf3 Bb4+ 6. Bd2 a5 7. Qc2 Bxd2+ 8.
Qxd2 c6 9. a4 Ne4 10. Qf4 Nd6 11. Na3 O-O 12. Ne5 Na6 13. O-O Nb4 14. Rfd1 Nd5
15. Qc1 Nb6 16. Naxc4 Nbxc4 17. Nxc4 Nxc4 18. Qxc4 Ra6 19. Qc5 Rb6 20. Qxa5
Rxb2 21. Qc3 Qb6 22. e3 Rd8 23. a5 Qb4 24. Qxb4 Rxb4 25. Rdc1 Rd6 26. Rab1 Rxb1
27. Rxb1 Kf8 28. a6 bxa6 29. Rb8 Rd8 30. Bxc6 Ke7 31. Ra8 g5 32. Bf3 h6 33. Kf1
Bd7 34. Ra7 Kf6 35. Be2 Bb5 36. Bxb5 axb5 37. Rb7 Rd5 38. Rb6 g4 39. Rb7
1/2-1/2

[Event "Tradewise Gibraltar Masters 14th"]
[Site "Gibraltar"]
[Date "2016.01.28"]
[Round "3.23"]
[White "Libiszewski, Fabien"]
[Black "Harikrishna, Pentala"]
[Result "0-1"]
[WhiteElo "2515"]
[BlackElo "2755"]
[PlyCount "54"]
[EventDate "2016.01.26"]
[EventType "swiss"]
[EventRounds "10"]
[EventCountry "GGB"]
[Source "www.saund.co.uk"]
[SourceDate "2005.02.07"]

1. e4 e6 2. d4 d5 3. Nc3 Nf6 4. Bg5 dxe4 5. Nxe4 Be7 6. Bxf6 gxf6 7. Nf3 f5 8.
Nc3 a6 9. Qe2 b5 10. O-O-O b4 11. Na4 Qd5 12. b3 Nd7 13. Qe3 Rg8 14. Rg1 Bb7
15. Bc4 Qe4 16. Qd2 Qg4 17. h3 Qh5 18. Be2 Qg6 19. Kb1 Qf6 20. Ne1 Qg5 21. f4
Qg3 22. Nd3 a5 23. c3 Nf6 24. cxb4 axb4 25. Qc1 Bd6 26. Ndc5 Bd5 27. Bf3 Bxf4
0-1

[Event "Tradewise Gibraltar Masters 14th"]
[Site "Gibraltar"]
[Date "2016.01.28"]
[Round "3.24"]
[White "Zhukova, Natalia"]
[Black "Yu Yangyi"]
[Result "0-1"]
[WhiteElo "2484"]
[BlackElo "2747"]
[PlyCount "70"]
[EventDate "2016.01.26"]
[EventType "swiss"]
[EventRounds "10"]
[EventCountry "GGB"]
[Source "www.saund.co.uk"]
[SourceDate "2005.02.07"]

1. d4 Nf6 2. c4 e6 3. Nf3 b6 4. g3 Ba6 5. b3 Bb4+ 6. Bd2 Be7 7. Nc3 d5 8. cxd5
exd5 9. Bg2 O-O 10. O-O Bb7 11. Ne5 Na6 12. Rc1 h6 13. Nb5 c5 14. Bf4 Ne4 15.
a3 Qe8 16. Qd3 f6 17. Ng4 f5 18. Ne3 cxd4 19. Nxd4 Bxa3 20. Ndxf5 Bxc1 21. Rxc1
Nac5 22. Qd4 Rf7 23. Qb2 d4 24. Nxd4 Ne6 25. Ndf5 Nxf4 26. gxf4 Qf8 27. Bh3 Re8
28. b4 g6 29. Nh4 Nxf2 30. Kxf2 Rxf4+ 31. Ke1 Rxe3 32. Nxg6 Rxe2+ 33. Kxe2 Re4+
34. Kd2 Qf2+ 35. Kc3 Re3+ 0-1

[Event "Tradewise Gibraltar Masters 14th"]
[Site "Gibraltar"]
[Date "2016.01.28"]
[Round "3.25"]
[White "Kamsky, Gata"]
[Black "Tischbierek, Raj"]
[Result "1-0"]
[WhiteElo "2665"]
[BlackElo "2433"]
[PlyCount "79"]
[EventDate "2016.01.26"]
[EventType "swiss"]
[EventRounds "10"]
[EventCountry "GGB"]
[Source "www.saund.co.uk"]
[SourceDate "2005.02.07"]

1. d4 d6 2. e4 Nf6 3. Nc3 g6 4. Nf3 Bg7 5. h3 O-O 6. Be3 a6 7. a4 b6 8. Bc4 e6
9. O-O Bb7 10. Bd3 Nc6 11. Qd2 Nb4 12. Bg5 Nxd3 13. cxd3 Qe8 14. b4 Nd7 15. Bh6
Bxh6 16. Qxh6 Qe7 17. Rfe1 f6 18. Rac1 Rac8 19. b5 Rfe8 20. Qd2 Qg7 21. a5 bxa5
22. bxa6 Bxa6 23. Ra1 Nf8 24. Rxa5 Bb7 25. Ra7 Bc6 26. Rea1 Qf7 27. R1a6 Bd7
28. Rb7 Re7 29. Qa2 Qe8 30. Qc4 Qd8 31. d5 e5 32. d4 Be8 33. Raa7 h6 34. Kh2
Kh8 35. Na2 f5 36. dxe5 dxe5 37. Nb4 Nh7 38. Ra6 c5 39. Rxe7 Qxe7 40. Re6 1-0

[Event "Tradewise Gibraltar Masters 14th"]
[Site "Gibraltar"]
[Date "2016.01.28"]
[Round "3.26"]
[White "Lei, Tingjie"]
[Black "Duda, Jan-Krzysztof"]
[Result "0-1"]
[WhiteElo "2474"]
[BlackElo "2660"]
[PlyCount "84"]
[EventDate "2016.01.26"]
[EventType "swiss"]
[EventRounds "10"]
[EventCountry "GGB"]
[Source "www.saund.co.uk"]
[SourceDate "2005.02.07"]

1. d4 Nf6 2. c4 e6 3. g3 d5 4. Bg2 Bb4+ 5. Nd2 O-O 6. Qc2 c5 7. dxc5 Nc6 8.
Ngf3 Qe7 9. a3 Bxc5 10. b4 Nd4 11. Nxd4 Bxd4 12. Rb1 dxc4 13. e3 c3 14. Nf3 Bb6
15. Qxc3 Bd7 16. O-O Bb5 17. Re1 Rac8 18. Qe5 Bd3 19. Ra1 Rc2 20. Bd2 Ne4 21.
Rac1 Ra2 22. Bh3 Re8 23. Ra1 Nxd2 24. Nxd2 Rxd2 25. Qc3 Rd8 26. Qxd2 Bf5 27.
Qxd8+ Bxd8 28. Bxf5 exf5 29. Red1 g6 30. Rd5 Bb6 31. Rad1 Kg7 32. R1d3 h5 33.
h4 Qe4 34. Kf1 Qh1+ 35. Ke2 Qh3 36. Rd7 Qg4+ 37. Ke1 Qc4 38. Ke2 Bc7 39. R7d4
Qa2+ 40. Kf3 Be5 41. Rd5 Bc3 42. Rd1 Be1 0-1

[Event "Tradewise Gibraltar Masters 14th"]
[Site "Gibraltar"]
[Date "2016.01.28"]
[Round "3.27"]
[White "Ganguly, Surya Shekhar"]
[Black "Kollars, Dmitrij"]
[Result "1-0"]
[WhiteElo "2660"]
[BlackElo "2436"]
[PlyCount "57"]
[EventDate "2016.01.26"]
[EventType "swiss"]
[EventRounds "10"]
[EventCountry "GGB"]
[Source "www.saund.co.uk"]
[SourceDate "2005.02.07"]

1. e4 e5 2. Nf3 Nc6 3. Bc4 Nf6 4. d3 Bc5 5. O-O a6 6. c3 d6 7. Re1 Ba7 8. Bb3
O-O 9. h3 h6 10. Nbd2 Re8 11. Nf1 Be6 12. Ng3 Qd7 13. Bc2 d5 14. exd5 Bxd5 15.
Nh4 Rad8 16. Nhf5 Kh8 17. d4 exd4 18. Nxg7 Kxg7 19. Bxh6+ Kh8 20. Qd2 Rxe1+ 21.
Rxe1 Rg8 22. Qf4 Nh7 23. Bxh7 Kxh7 24. Qh4 Rg6 25. Bg5+ Kg8 26. Bf6 Rxf6 27.
Qxf6 Bc5 28. Nh5 Bf8 29. Qg5+ 1-0

[Event "Tradewise Gibraltar Masters 14th"]
[Site "Gibraltar"]
[Date "2016.01.28"]
[Round "3.28"]
[White "Vidit, Santosh Gujrathi"]
[Black "Almagro Llamas, Pablo"]
[Result "1/2-1/2"]
[WhiteElo "2642"]
[BlackElo "2429"]
[PlyCount "92"]
[EventDate "2016.01.26"]
[EventType "swiss"]
[EventRounds "10"]
[EventCountry "GGB"]
[Source "www.saund.co.uk"]
[SourceDate "2005.02.07"]

1. d4 Nf6 2. c4 e6 3. Nc3 Bb4 4. Nf3 b6 5. e3 Bb7 6. Bd3 O-O 7. O-O Bxc3 8.
bxc3 d6 9. a4 Nbd7 10. a5 bxa5 11. Nd2 c5 12. e4 Rc8 13. f3 Ba6 14. Qe2 cxd4
15. cxd4 Qb6 16. Qf2 e5 17. Ba3 exd4 18. Rfb1 Qc7 19. Qxd4 Nc5 20. Be2 Rfd8 21.
Bb2 a4 22. Bd1 Qc6 23. Nf1 Ne6 24. Qf2 Qxc4 25. Ne3 Qc5 26. Rxa4 Bd3 27. Rba1
a6 28. R4a3 Bb5 29. Rc3 Qb6 30. Rxc8 Rxc8 31. Nf5 Qxf2+ 32. Kxf2 Rd8 33. Ba3
Ne8 34. Bb3 g6 35. Nh6+ Kg7 36. Ng4 h5 37. Ne3 Nc5 38. Bc4 Rc8 39. Bxb5 axb5
40. Nd5 Nd3+ 41. Ke2 Ne5 42. Ra2 Nc4 43. Bb4 Nc7 44. Ne3 Ne8 45. Nd5 Nc7 46.
Ne3 Ne8 1/2-1/2

[Event "Tradewise Gibraltar Masters 14th"]
[Site "Gibraltar"]
[Date "2016.01.28"]
[Round "3.29"]
[White "Kashlinskaya, Alina"]
[Black "Anton Guijarro, David"]
[Result "0-1"]
[WhiteElo "2462"]
[BlackElo "2639"]
[PlyCount "84"]
[EventDate "2016.01.26"]
[EventType "swiss"]
[EventRounds "10"]
[EventCountry "GGB"]
[Source "www.saund.co.uk"]
[SourceDate "2005.02.07"]

1. d4 f5 2. c4 Nf6 3. Nc3 e6 4. Nf3 Bb4 5. Qb3 a5 6. a3 a4 7. Qc2 Bxc3+ 8. Qxc3
O-O 9. g3 b6 10. Bg2 Bb7 11. O-O Qe7 12. Bf4 d6 13. Rfd1 Nbd7 14. b4 axb3 15.
Qxb3 Ra7 16. a4 Rfa8 17. Rd2 Ne4 18. Rda2 c5 19. dxc5 Nexc5 20. Qb4 e5 21. Be3
Ra5 22. Bg5 Qe6 23. Bd2 h6 24. Qb1 R5a6 25. a5 Be4 26. Qb5 Rb8 27. Qb2 bxa5 28.
Qc3 Rab6 29. Be1 a4 30. h3 Rb3 31. Qa5 Nb6 32. Nd2 Bxg2 33. Kxg2 Nxc4 34. Nxc4
Qxc4 35. Qc7 Qd5+ 36. Kh2 R3b7 37. Qa5 Rb2 38. Rxa4 R2b5 39. Rb4 Rxa5 40. Rxb8+
Kh7 41. Rxa5 Qd1 42. Bb4 Ne4 0-1

[Event "Tradewise Gibraltar Masters 14th"]
[Site "Gibraltar"]
[Date "2016.01.28"]
[Round "3.30"]
[White "Akesson, Ralf"]
[Black "Grandelius, Nils"]
[Result "0-1"]
[WhiteElo "2435"]
[BlackElo "2635"]
[PlyCount "63"]
[EventDate "2016.01.26"]
[EventType "swiss"]
[EventRounds "10"]
[EventCountry "GGB"]
[Source "www.saund.co.uk"]
[SourceDate "2005.02.07"]

1. Nf3 d5 2. d4 Nf6 3. c4 e6 4. g3 g6 5. Bg2 Bg7 6. O-O O-O 7. Qc2 Na6 8. Rd1
b6 9. cxd5 exd5 10. Nc3 Bb7 11. Bg5 Qe7 12. a3 h6 13. Bxf6 Bxf6 14. b4 c5 15.
bxc5 bxc5 16. Rab1 Rfd8 17. e3 Rac8 18. Qb3 Bc6 19. Rbc1 Kg7 20. Qa2 Ba8 21.
dxc5 Rxc5 22. Nd4 Ra5 23. Ncb5 Nc5 24. Qc2 Ne6 25. Nxe6+ Qxe6 26. a4 Qe7 27.
Qb3 Rd7 28. Nd4 Rb7 29. Qc2 Rb6 30. Bf3 a6 31. Rd3 Rb4 32. Rc3 {Remainder of
both scoresheets illegible - game ended after move 38.} 0-1

[Event "Tradewise Gibraltar Masters 14th"]
[Site "Gibraltar"]
[Date "2016.01.28"]
[Round "3.31"]
[White "Salem, AR Saleh"]
[Black "Holm, Kristian Stuvik"]
[Result "1/2-1/2"]
[WhiteElo "2627"]
[BlackElo "2417"]
[PlyCount "60"]
[EventDate "2016.01.26"]
[EventType "swiss"]
[EventRounds "10"]
[EventCountry "GGB"]
[Source "www.saund.co.uk"]
[SourceDate "2005.02.07"]

1. d4 Nf6 2. c4 g6 3. Nf3 Bg7 4. g3 c6 5. Bg2 d5 6. cxd5 cxd5 7. Nc3 Ne4 8. Ng5
Nf6 9. Nf3 Ne4 10. Ng5 Nxc3 11. bxc3 O-O 12. O-O Nc6 13. e4 dxe4 14. Nxe4 b6
15. h4 Bb7 16. h5 Na5 17. Re1 Rc8 18. Bg5 Re8 19. Rc1 Qd7 20. Bf3 Nc4 21. Bf4
Bd5 22. hxg6 hxg6 23. Kg2 Qc6 24. Ng5 Rcd8 25. Bxd5 Qxd5+ 26. Qf3 Qxf3+ 27.
Nxf3 e6 28. Re2 Rd5 29. g4 Rc8 30. Rec2 Na3 1/2-1/2

[Event "Tradewise Gibraltar Masters 14th"]
[Site "Gibraltar"]
[Date "2016.01.28"]
[Round "3.32"]
[White "Santiago, Yago De Moura"]
[Black "Edouard, Romain"]
[Result "0-1"]
[WhiteElo "2422"]
[BlackElo "2617"]
[PlyCount "72"]
[EventDate "2016.01.26"]
[EventType "swiss"]
[EventRounds "10"]
[EventCountry "GGB"]
[Source "www.saund.co.uk"]
[SourceDate "2005.02.07"]

1. c4 Nf6 2. Nc3 e5 3. Nf3 Nc6 4. g3 d5 5. cxd5 Nxd5 6. Bg2 Nb6 7. O-O Be7 8.
a3 O-O 9. b4 Be6 10. d3 a5 11. b5 Nd4 12. Nxe5 Bf6 13. f4 Nb3 14. Be3 Nxa1 15.
Qxa1 Nd5 16. Bd4 Bxe5 17. Bxe5 f6 18. Nxd5 Bxd5 19. Bxc7 Qxc7 20. Bxd5+ Kh8 21.
Kh1 Qd7 22. Qa2 Qxb5 23. a4 Qc5 24. Rb1 Rab8 25. Qc4 Qf2 26. Bf3 Rfc8 27. Qe6
Rc2 28. Rd1 Rbc8 29. Bxb7 Rc1 30. Qxc8+ Rxc8 31. Bxc8 Qxe2 32. Rg1 Qf3+ 33. Rg2
Qd1+ 34. Rg1 Qxa4 35. Rc1 Qb5 36. Be6 Qb7+ 0-1

[Event "Tradewise Gibraltar Masters 14th"]
[Site "Gibraltar"]
[Date "2016.01.28"]
[Round "3.33"]
[White "Erdos, Viktor"]
[Black "Nezad, Husein Aziz"]
[Result "1/2-1/2"]
[WhiteElo "2613"]
[BlackElo "2422"]
[PlyCount "61"]
[EventDate "2016.01.26"]
[EventType "swiss"]
[EventRounds "10"]
[EventCountry "GGB"]
[Source "www.saund.co.uk"]
[SourceDate "2005.02.07"]

1. Nf3 Nf6 2. c4 g6 3. Nc3 Bg7 4. g3 O-O 5. d4 d5 6. Bg2 dxc4 7. Ne5 c5 8. dxc5
Qc7 9. Nxc4 Qxc5 10. Qb3 Nc6 11. Be3 Nd4 12. Bxd4 Qxd4 13. Na5 Qe5 14. Qb4 Qh5
15. h4 Be6 16. Rd1 Rab8 17. O-O Rfc8 18. Rd2 Bh6 19. Rd4 Bg7 20. Rd2 Bh6 21.
Rd3 Kg7 22. Rfd1 Qc5 23. Qxc5 Rxc5 24. b4 Rc7 25. Nb5 Rc2 26. Nd4 Rxa2 27.
Nxe6+ fxe6 28. Nxb7 Rxe2 29. Bf3 Rb2 30. Ra3 e5 31. Nc5 1/2-1/2

[Event "Tradewise Gibraltar Masters 14th"]
[Site "Gibraltar"]
[Date "2016.01.28"]
[Round "3.34"]
[White "Padmini, Rout"]
[Black "Bachmann, Axel"]
[Result "1/2-1/2"]
[WhiteElo "2427"]
[BlackElo "2610"]
[PlyCount "86"]
[EventDate "2016.01.26"]
[EventType "swiss"]
[EventRounds "10"]
[EventCountry "GGB"]
[Source "www.saund.co.uk"]
[SourceDate "2005.02.07"]

1. e4 e5 2. Nf3 Nc6 3. Bc4 Bc5 4. O-O Nf6 5. d3 d6 6. c3 a6 7. Bb3 Ba7 8. Re1
h6 9. Nbd2 Ne7 10. Nf1 Ng6 11. h3 O-O 12. Ng3 Re8 13. d4 b5 14. dxe5 dxe5 15.
Qxd8 Rxd8 16. Be3 Bxe3 17. Rxe3 c5 18. Rd1 Rxd1+ 19. Bxd1 Be6 20. a3 Nd7 21.
Rd3 Nb6 22. Rd2 Nc4 23. Rc2 Nf4 24. Nd2 Rd8 25. Ngf1 Nb6 26. Bf3 c4 27. Ne3 Nd3
28. Kf1 Na4 29. Nd1 f5 30. exf5 Bxf5 31. Be4 g6 32. Bxf5 gxf5 33. b3 cxb3 34.
Nxb3 Kf7 35. c4 e4 36. cxb5 axb5 37. g3 f4 38. gxf4 Nxf4 39. Rd2 Rc8 40. Rd4
Nc3 41. Nxc3 Rxc3 42. Rxe4 Nd5 43. Nd4 Rxa3 1/2-1/2

[Event "Tradewise Gibraltar Masters 14th"]
[Site "Gibraltar"]
[Date "2016.01.28"]
[Round "3.35"]
[White "Maze, Sebastien"]
[Black "Nagy, Gabor"]
[Result "1-0"]
[WhiteElo "2591"]
[BlackElo "2413"]
[PlyCount "123"]
[EventDate "2016.01.26"]
[EventType "swiss"]
[EventRounds "10"]
[EventCountry "GGB"]
[Source "www.saund.co.uk"]
[SourceDate "2005.02.07"]

1. e4 c5 2. Nf3 d6 3. Bb5+ Nc6 4. O-O Bd7 5. Re1 Nf6 6. c3 a6 7. Bf1 Bg4 8. h3
Bxf3 9. Qxf3 g6 10. d3 Bg7 11. Be3 Nd7 12. Nd2 O-O 13. Qd1 b5 14. Nf3 b4 15.
Qa4 Qc8 16. d4 Qb7 17. d5 Nce5 18. Nd2 a5 19. f4 Nb6 20. Qc2 Ned7 21. a4 e6 22.
c4 Rae8 23. Nf3 exd5 24. exd5 Qc8 25. Bd3 Qd8 26. Rad1 Rxe3 27. Rxe3 Qf6 28. b3
Qxf4 29. Re4 Qf6 30. Bf1 Qd8 31. Qf2 Bc3 32. Rd3 Bg7 33. Rd2 Nf6 34. Re1 Nfd7
35. Rd3 Nc8 36. Rde3 Bh6 37. Re4 Bg7 38. g3 Bc3 39. R1e2 Bg7 40. Re1 Bc3 41.
R1e2 Bg7 42. g4 Nf6 43. R4e3 Nd7 44. Bg2 Bh6 45. Rd3 Bg7 46. Qe1 Bh6 47. h4 Bg7
48. g5 Ne5 49. Nxe5 Bxe5 50. Rxe5 dxe5 51. d6 Nb6 52. Qxe5 Nd7 53. Qe7 Re8 54.
Re3 Rxe7 55. dxe7 Qe8 56. Bc6 Kg7 57. Bxd7 Qxd7 58. e8=Q Qg4+ 59. Kf1 Qd1+ 60.
Kg2 Qg4+ 61. Rg3 Qe2+ 62. Qxe2 1-0

[Event "Tradewise Gibraltar Masters 14th"]
[Site "Gibraltar"]
[Date "2016.01.28"]
[Round "3.36"]
[White "Tregubov, Pavel V"]
[Black "Satyapragyan, Swayangsu"]
[Result "1-0"]
[WhiteElo "2582"]
[BlackElo "2410"]
[PlyCount "73"]
[EventDate "2016.01.26"]
[EventType "swiss"]
[EventRounds "10"]
[EventCountry "GGB"]
[Source "www.saund.co.uk"]
[SourceDate "2005.02.07"]

1. d4 Nf6 2. c4 e6 3. Nf3 Bb4+ 4. Bd2 Qe7 5. g3 Bxd2+ 6. Qxd2 Nc6 7. Nc3 d5 8.
Ne5 dxc4 9. Bg2 O-O 10. Rd1 Nxe5 11. dxe5 Nd7 12. Qd4 Rb8 13. Qxa7 Qc5 14. Qxc5
Nxc5 15. a4 Ra8 16. O-O Ra5 17. Rd4 Nxa4 18. Rxc4 Nxc3 19. Rxc3 c6 20. f4 Rd8
21. b4 Rb5 22. Rc4 Kf8 23. Kf2 Ke7 24. Ke3 f6 25. exf6+ gxf6 26. Be4 Rh5 27. h4
h6 28. Ra1 Rb5 29. Ra7 Rd7 30. Bd3 Rb6 31. g4 Kd8 32. g5 fxg5 33. fxg5 hxg5 34.
hxg5 Rg7 35. g6 Ke7 36. Ra8 Bd7 37. Rh4 1-0

[Event "Tradewise Gibraltar Masters 14th"]
[Site "Gibraltar"]
[Date "2016.01.28"]
[Round "3.37"]
[White "Csonka, Balazs"]
[Black "Grigoriants, Sergey"]
[Result "1/2-1/2"]
[WhiteElo "2415"]
[BlackElo "2580"]
[PlyCount "67"]
[EventDate "2016.01.26"]
[EventType "swiss"]
[EventRounds "10"]
[EventCountry "GGB"]
[Source "www.saund.co.uk"]
[SourceDate "2005.02.07"]

1. d4 Nf6 2. c4 e6 3. Nf3 d5 4. Nc3 c5 5. cxd5 Nxd5 6. g3 cxd4 7. Nxd5 Qxd5 8.
Qxd4 Qb5 9. e4 Qb4+ 10. Bd2 Qxd4 11. Nxd4 a6 12. Bg2 e5 13. Rc1 Bd7 14. Nf5 Nc6
15. O-O Rd8 16. Bc3 Be6 17. a3 f6 18. Rcd1 g6 19. Rxd8+ Kxd8 20. Rd1+ Kc8 21.
Ne3 Bc5 22. Nd5 Rf8 23. Rc1 Kd7 24. Kf1 Kd6 25. Ke2 Rf7 26. Nb4 Nxb4 27. Bxb4
Bxb4 28. axb4 Bd7 29. Kd2 Bc6 30. f3 f5 31. Ke3 f4+ 32. Kf2 fxg3+ 33. Kxg3 Rf4
34. h4 1/2-1/2

[Event "Tradewise Gibraltar Masters 14th"]
[Site "Gibraltar"]
[Date "2016.01.28"]
[Round "3.38"]
[White "Perez Ponsa, Federico"]
[Black "Gulamali, Kazim"]
[Result "1/2-1/2"]
[WhiteElo "2577"]
[BlackElo "2379"]
[PlyCount "65"]
[EventDate "2016.01.26"]
[EventType "swiss"]
[EventRounds "10"]
[EventCountry "GGB"]
[Source "www.saund.co.uk"]
[SourceDate "2005.02.07"]

1. e4 e5 2. Nf3 Nc6 3. Bb5 a6 4. Ba4 Nf6 5. O-O b5 6. Bb3 Bb7 7. Re1 Bc5 8. c3
d6 9. d4 Bb6 10. a4 O-O 11. Bg5 h6 12. Bh4 g5 13. Nxg5 hxg5 14. Bxg5 exd4 15.
Bd5 dxc3 16. Nxc3 b4 17. Bxc6 Bxc6 18. Nd5 Bxd5 19. exd5 Kg7 20. a5 Bc5 21. Qf3
Rh8 22. Rac1 Rh5 23. h4 Rxg5 24. hxg5 Nh7 25. Rc4 Nxg5 26. Rg4 Qf6 27. Qg3 Kg6
28. Ree4 Bxf2+ 29. Qxf2 Qxf2+ 30. Kxf2 f5 31. Rxg5+ Kxg5 32. Rxb4 Kf6 33. Rb7
1/2-1/2

[Event "Tradewise Gibraltar Masters 14th"]
[Site "Gibraltar"]
[Date "2016.01.28"]
[Round "3.39"]
[White "Docx, Stefan"]
[Black "Muzychuk, Mariya"]
[Result "0-1"]
[WhiteElo "2416"]
[BlackElo "2554"]
[PlyCount "44"]
[EventDate "2016.01.26"]
[EventType "swiss"]
[EventRounds "10"]
[EventCountry "GGB"]
[Source "www.saund.co.uk"]
[SourceDate "2005.02.07"]

1. c4 c6 2. Nc3 d5 3. e3 Nf6 4. Nf3 e6 5. b3 Nbd7 6. Bb2 Bd6 7. Qc2 O-O 8. Rg1
Ne5 9. Nxe5 Bxe5 10. g4 d4 11. Ne4 Nxe4 12. Qxe4 dxe3 13. Bd3 exf2+ 14. Ke2
fxg1=N+ 15. Rxg1 Qxd3+ 16. Qxd3 Bxb2 17. Rb1 Bf6 18. h4 Bxh4 19. Rh1 g5 20. Qe3
f6 21. Rxh4 gxh4 22. g5 e5 0-1

[Event "Tradewise Gibraltar Masters 14th"]
[Site "Gibraltar"]
[Date "2016.01.28"]
[Round "3.40"]
[White "Codenotti, Marco"]
[Black "Demuth, Adrien"]
[Result "1/2-1/2"]
[WhiteElo "2406"]
[BlackElo "2535"]
[PlyCount "65"]
[EventDate "2016.01.26"]
[EventType "swiss"]
[EventRounds "10"]
[EventCountry "GGB"]
[Source "www.saund.co.uk"]
[SourceDate "2005.02.07"]

1. e4 c5 2. c3 d5 3. exd5 Qxd5 4. d4 Nc6 5. Nf3 Bf5 6. Be2 cxd4 7. cxd4 Bxb1 8.
Rxb1 e6 9. O-O Nf6 10. Be3 Bd6 11. a3 O-O 12. h3 Rfd8 13. Rc1 Rac8 14. Bc4 Qh5
15. Ng5 Qxd1 16. Rfxd1 Ne7 17. Nxe6 fxe6 18. Bxe6+ Kf8 19. Bxc8 Nxc8 20. Bg5
Ne7 21. g3 Ke8 22. Kg2 Kd7 23. Re1 Rf8 24. a4 a5 25. Rcd1 Ne8 26. Bxe7 Bxe7 27.
Re3 Bf6 28. Rf3 Nd6 29. b4 Rc8 30. bxa5 Rc4 31. Ra3 Bxd4 32. Rf3 Bf6 33. Rfd3
1/2-1/2

[Event "Tradewise Gibraltar Masters 14th"]
[Site "Gibraltar"]
[Date "2016.01.28"]
[Round "3.41"]
[White "Gopal, Geetha Narayanan"]
[Black "Martinez Martin, David"]
[Result "1-0"]
[WhiteElo "2525"]
[BlackElo "2407"]
[PlyCount "63"]
[EventDate "2016.01.26"]
[EventType "swiss"]
[EventRounds "10"]
[EventCountry "GGB"]
[Source "www.saund.co.uk"]
[SourceDate "2005.02.07"]

1. e4 e6 2. d4 d5 3. Nd2 Be7 4. Ngf3 Nf6 5. e5 Nfd7 6. Bd3 c5 7. c3 Nc6 8. O-O
O-O 9. Re1 f6 10. exf6 Nxf6 11. b3 cxd4 12. cxd4 Qb6 13. Bb2 a5 14. a3 Bd7 15.
Rc1 Bd6 16. h3 Rac8 17. Nf1 g6 18. Ng3 Bf4 19. Rb1 e5 20. Ne2 Ne4 21. Nxf4 exf4
22. Rxe4 dxe4 23. Bc4+ Kg7 24. d5+ Kh6 25. dxc6 Bxc6 26. Ne5 f3 27. Bd4 Qd8 28.
Nf7+ Rxf7 29. Bxf7 Qc7 30. Qd2+ g5 31. h4 Rd8 32. hxg5# 1-0